| 000 | 01884nam0a22003731 4500 | ||
|---|---|---|---|
| 001 | RU\NLR\A2V1719\11298 | ||
| 005 | 20251203171251.9 | ||
| 012 |
_aisn- ion- etne bisu 3 1772R _5NLR: 10.20.8.15 Аллиг.19 |
||
| 035 | _a(NLR Aleph) 009853098 | ||
| 090 |
_a10354961 _c10354961 |
||
| 100 | _a20090302d1772 u y0rusy50 ca | ||
| 101 | 0 | _alat | |
| 102 | _aRU | ||
| 200 | 1 | _aDissertatio inauguralis iuridica De transmissione iuris succedendi antecessoris morte non delati quam ... praeside Io. Augusto Hellfeld I.U.D. ... die XI. Ian. MDCCLXXII. ... publice defendet auctor Iohannes Gottfried Graape Hamburgensis | |
| 210 |
_aIenae [Jena] _cLitteris Maukianis _d[1772] |
||
| 215 |
_a[2], 50 с. _d4°(19 см) |
||
| 307 | _aЗаставка. Концовка. Sign.: A4-G2 | ||
| 316 |
_aПрипл. к: Sturm G. Dissertatio juridica De testamento tempore pestis condito ...- Vitembergae [Wittenberg, 1733] _510.20.8.15 Аллиг.19 |
||
| 482 | 0 |
_1001RU\NLR\A2V1719\11279 _12001#$aDissertatio juridica De testamento tempore pestis condito quam ... ad diem VII. Nov. A. MDCCXXXIII. praeside Gottlieb Sturmio Ph. et J.U.D. ... submittit auctor et respondens Joannes Augustus Weinligius Dresd. _1700#1$6z01790$aSturm$bG.$f1699-1764$gGottlieb$4070 |
|
| 517 | 1 | _aDe transmissione iuris succedendi antecessoris morte non delati ... | |
| 620 | _dJena | ||
| 700 | 1 |
_6z01790 _aHellfeld _bJ.A. _f1717-1782 _gJohann August _4070 |
|
| 702 | 1 |
_6z02790 _aGraape _bJ.G. _f1747-1796 _gJohann Gottfried _4070 |
|
| 702 | 1 |
_6z03790 _aMaucke _bJ.M. _f1742-1816 _gJohann Michael _4610 |
|
| 790 | 1 |
_6z01700 _aHellfeld _gIo. Augustus _4070 |
|
| 790 | 1 |
_6z02702 _aGraape _gIohannes Gottfried _4070 |
|
| 790 | 1 |
_6z03702 _aMaukianus _4610 |
|
| 801 | 0 |
_aRU _bNLR _c20090302 |
|
| 852 |
_aNLR _j10.20.8.15 Аллиг.19 |
||
| 942 | _cBOOK | ||
| 980 | _aNB | ||
| 980 | _ain1719v | ||